LEADER 01423nam a2200289 i 4500 001 000000178505 003 CaOOAMICUS 005 20250115111007.0 008 090325s2009 gw u000 u ger u 013 $a156077 020 $a978-3-11-019462-3 040 $aSeMil$bita 100 0 $aIoannes : Damascenus,$c.$0(OLS)http://semarc/name/5743 245 10$a6.1: Historia animae utilis de Barlaam et Ioasaph (spuria)$bEinführung /$cvon Robert Volk. 260 $aBerlin ; New York :$bDe Gruyter,$c2009. 300 $aXLI, 596 p., [1] c. di tav. ripieg. ;$c24 cm. 490 0 $aPatristische Texte und Studien ;$v6/1 700 1 $aVolk, Robert.$0(OLS)http://semarc/name/7900 773 0 $aIoannes : Damascenus $tSchriften des Johannes von Damaskos.$dBerlin : De Gruyter, 1969-$kPatristische Texte und Studien$g6$w()11933 830 0$aPatristische Texte und Studien ;$v6/1.$0(OLS)http://semarc/title/119 850 $aSeMil 852 $aSeMil$W1$xVenegono$y1$mSL2.C IV 61$j129278$B129278$CSeMilBibl$Z2$F140514 $8I 961 $aSottoscrizione: Herder 996 $6020$a978-3-11-019462-3$9(OLS)http://semarc/number/167514 996 $6245$a6.1: Historia animae utilis de Barlaam et Ioasaph (spuria)$bEinführung$9(OLS)http://semarc/title/256386 996 $6260$aBerlin ; New York :$bDe Gruyter$9(OLS)http://semarc/publisher/29892 LEADER 01081nam a2200217 i 4500 001 000000087995 003 CaOOAMICUS 005 20180830150027.0 008 180830s1927 xx u000 u und u 013 $a60235 040 $aSeMil$bita 100 1 $aVermeersch, Arthur,$c.$0(OLS)http://semarc/name/2112 245 10$aTheologiae moralis. Principia - Responsa - Consilia. Tomus III. De personis, de sacramentis, de legibus ecclesiae et censuris. 260 $aLuogo non identificato :$bUniversità Gregoriana,$c1927. 300 $a829 p. 650 4$aSacramenti - Trattati.$0(OLS)http://semarc/subject/1868 650 4$aTeologia morale - Manuali.$0(OLS)http://semarc/subject/610 850 $aSeMil 852 $aSeMil$W1$xVenegono$y1$m114 34 3 *$j51378$B51378$CSeMilBibl$Z2$F55594 $81 996 $6245$aTheologiae moralis. Principia - Responsa - Consilia. Tomus III. De personis, de sacramentis, de legibus ecclesiae et censuris$9(OLS)http://semarc/title/133966 996 $6260$aLuogo non identificato :$bUniversità Gregoriana$9(OLS)http://semarc/publisher/43504